[Event "Euskadi-ch"]
[Site "Getxo"]
[Date "2022.04.19"]
[Round "1.7"]
[White "Alvarez De Arcaya Esquide, Carlos Javier"]
[Black "Barbazan Bilbao, Xabier"]
[Result "0-1"]
[WhiteElo "1852"]
[BlackElo "2151"]
[PlyCount "87"]
[EventDate "2022.04.19"]
[EventType "swiss"]
[EventRounds "5"]
[EventCountry "ESP"]
[SourceTitle "EXT 2024"]
[Source "ChessBase"]
[SourceDate "2023.10.10"]
[SourceVersion "1"]
[SourceVersionDate "2023.10.10"]
[SourceQuality "1"]

1. b3 c5 2. Bb2 Nc6 3. e3 Nf6 4. Nf3 d5 5. Bb5 Bd7 6. Qe2 e6 7. Bxc6 Bxc6 8. Ne5 Rc8 9. Nxc6 Rxc6 10. d3 Be7 11. Nd2 0-0 12. a4 b6 13. e4 a6 14. h4 b5 15. Rh3 c4 16. dxc4 bxc4 17. bxc4 dxc4 18. Kf1 Qb8 19. Bc3 Rd8 20. Rb1 Qf4 21. Rb7 Rc7 22. Rxc7 Qxc7 23. Qxc4 Qxc4+ 24. Nxc4 Nxe4 25. Be1 Rd4 26. Nb6 f5 27. Rd3 Rxd3 28. cxd3 Nc5 29. d4 Nb3 30. Bc3 Bf6 31. Nd7 Bxd4 32. Bxd4 Nxd4 33. Nc5 a5 34. Nb7 Nc6 35. Ke2 Kf7 36. Kd3 e5 37. Kc4 Ke6 38. Kb5 Kd5 39. Nxa5 Nxa5 40. Kxa5 Kc5 41. Ka6 Kc6 42. a5 e4 43. Ka7 f4 44. a6 0-1